书目信息 |
| 题名: |
怎样标点古书
|
|
| 作者: | 管敏义 著 | |
| 分册: | ||
| 出版信息: | 北京 书目文献出版社 1985 |
|
| 页数: | 228页 | |
| 开本: | 19cm | |
| 丛书名: | ||
| 单 册: | ||
| 中图分类: | H155 | |
| 科图分类: | ||
| 主题词: | 汉语--写作 , 汉语--修辞 | |
| 电子资源: | ||
| ISBN: | ||
| 000 | 00643nam0 2200253 45 | |
| 001 | 0185012784 | |
| 005 | 20040428141935.4 | |
| 010 | @dCNY1.20 | |
| 091 | @a10201.46 | |
| 100 | @a19951030d1985 em y0chiy0121 ea | |
| 101 | 0 | @achi |
| 102 | @aCN@b110000 | |
| 105 | @ay z 000yy | |
| 106 | @ar | |
| 200 | 10 | @a怎样标点古书@Azen yang biao dian gu shu@f管敏义著 |
| 210 | @a北京@c书目文献出版社@d1985 | |
| 215 | @a228页@d19cm | |
| 606 | 0 | @a汉语@x写作 |
| 606 | 0 | @a汉语@x修辞 |
| 690 | @aH155 | |
| 701 | 0 | @a管敏义@4著@Aguan min yi |
| 801 | 0 | @aCN@b深圳图书馆@c20040428 |
| 801 | 2 | @aCN@bNLC@c20040428 |
| 905 | @f4@b153372-375@dH155@e106 | |
| 怎样标点古书/管敏义著.-北京:书目文献出版社,1985 |
| 228页;19cm |
| ISBN :CNY1.20 |
| ● |
| 相关链接 |
|
|
|
|
正题名:怎样标点古书
索取号:H155/106
 
预约/预借
| 序号 | 登录号 | 条形码 | 馆藏地/架位号 | 状态 | 备注 |
| 1 | 0153372 | 000851974 | 密集书库/ [索取号:H155/106] | 在馆 | |
| 2 | 0153373 | 000851858 | 密集书库/ [索取号:H155/106] | 在馆 | |
| 3 | 0153374 | 000851894 | 第四借阅区/ [索取号:H155/106] | 在馆 | |
| 4 | 0153375 | 000851938 | 密集书库/ [索取号:H155/106] | 在馆 | |
| 5 | 0153376 | 202076243 | 第二样本阅览室/ [索取号:H155/106] | 在馆 |